000 005370000a22001810004500
003 MACL
005 20160406105239.0
008 160406b xxu||||| |||| 00| 0 eng d
040 _aMACL
_cMACL
041 _aHindi
082 _a340
100 _aमृदुल मरूधर
_950702
245 _aशब्‍दों की न्‍यायिक परिक्रमा
260 _bकविता प्रकाशन
_c2005
_aबीकानेर
350 _a150
650 _aLaw
_950703
942 _cHIN
_k340
_2ddc
999 _c11681
_d11681